Sports Quiz

Random Sports Quiz

Oakland Raiders playoff opponents Quiz Stats

 Plays Quiz not verified by Sporcle

Support Sporcle.
Go Orange.
Score 0/43 Timer 05:00
0 Plays Today
Year Opponent % Correct
Super Bowl IIPackers
93.2%
Super Bowl XIVikings
85.5%
Super Bowl XVEagles
82.5%
Super Bowl XVIIIRedskins
79.5%
1968 AFL ChampionshipJets
78.4%
1974 AFC ChampionshipSteelers
77%
1976 AFC ChampionshipSteelers
76.8%
1975 AFC ChampionshipSteelers
76.1%
1968 Division TiebreakerChiefs
75.9%
1972 Divisional RoundSteelers
75.7%
1969 AFL ChampionshipChiefs
74.5%
1973 AFC ChampionshipDolphins
73.9%
Super Bowl XXXVIIBuccaneers
73.4%
1967 AFL ChampionshipOilers
72.5%
1970 AFC ChampionshipColts
70.5%
1977 AFC ChampionshipBroncos
70.2%
1974 Divisional RoundDolphins
69.5%
2001 Divisional RoundPatriots
69.1%
1990 AFC ChampionshipBills
68.6%
1973 Divisional RoundSteelers
68%
1980 AFC ChampionshipChargers
65.9%
1977 Divisional RoundColts
65.7%
Year Opponent % Correct
2000 AFC ChampionshipRavens
65.7%
1980 Divisional RoundBrowns
65%
1976 Divisional RoundPatriots
63.6%
1970 Divisional RoundDolphins
63.4%
1969 Divisional RoundOilers
63%
2002 AFC ChampionshipTitans
60.5%
1980 Wild CardOilers
59.5%
1983 AFC ChampionshipSeahawks
58.4%
1975 Divisional RoundBengals
55.2%
1982 Second RoundJets
54.8%
2002 Divisional RoundJets
54.3%
1983 Divisional RoundSteelers
53%
1985 Divisional RoundPatriots
52.5%
1990 Divisional RoundBengals
51.8%
2001 Wild Card RoundJets
51.6%
1991 Wild Card RoundChiefs
50.9%
1993 Divisional RoundBills
50.7%
2000 Divisional RoundDolphins
50.5%
1984 Wild CardSeahawks
48.9%
1982 First RoundBrowns
48.2%
1993 Wild Card RoundBroncos
46.4%

You're not logged in!

Compare scores with friends on all Sporcle quizzes.
OR
Log In

From the Vault

Closest Countries to Hawaii

by Balaitous

How many people will guess 'USA' first?
Remove Ads.
Support Sporcle.
Get the best of Sporcle when you Go Orange. This ad-free experience offers more features, more stats, and more fun while also helping to support Sporcle. Thank you for becoming a member.

Show Comments

Extras

Top Quizzes Today


Score Distribution

Your Account Isn't Verified!

In order to create a playlist on Sporcle, you need to verify the email address you used during registration. Go to your Sporcle Settings to finish the process.

Report this User

Report this user for behavior that violates our Community Guidelines.

Details: